[Event "Oberbayern Bezirksliga 1718"]
[Site "Germany"]
[Date "2018.03.18"]
[Round "8.7"]
[White "Knollhuber, Peter"]
[Black "Zwicker, Andreas"]
[Result "0-1"]
[WhiteElo "1691"]
[BlackElo "1787"]
[PlyCount "64"]
[EventDate "2017.10.22"]
[EventType "team-tourn"]
[EventRounds "9"]
[EventCountry "GER"]
[SourceTitle "EXT 2019"]
[Source "ChessBase"]
[SourceDate "2018.10.10"]
[SourceVersion "1"]
[SourceVersionDate "2018.10.10"]
[SourceQuality "1"]
[WhiteTeam "Dorfen"]
[BlackTeam "Gauting"]
[WhiteTeamCountry "GER"]
[BlackTeamCountry "GER"]

1. d4 d5 2. Nf3 Nf6 3. c4 e6 4. Nc3 Be7 5. cxd5 exd5 6. Qc2 Nc6 7. a3 Bg4 8. Bg5 Rb8 9. e3 0-0 10. Bd3 h6 11. Bh4 Re8 12. h3 Bxf3 13. gxf3 g5 14. Bg3 Bd6 15. Rg1 Nxd4 16. Qd1 Bxg3 17. Rxg3 Nh5 18. Rg4 Ne6 19. Nxd5 Nf6 20. Nxf6+ Qxf6 21. h4 Rbd8 22. hxg5 hxg5 23. Kf1 Nc5 24. Rd4 Rxd4 25. exd4 Ne6 26. Rc1 Kg7 27. d5 Nf4 28. Be4 Rh8 29. Kg1 Qh6 30. Qd4+ Kg8 31. Qxh8+ Qxh8 32. Rxc7 Qh3 0-1

[Event "Regionalliga SO 0405"]
[Site "Bayern"]
[Date "2005.02.13"]
[Round "7.7"]
[White "Meingast, Markus"]
[Black "Knollhuber, Peter"]
[Result "1-0"]
[WhiteElo "2071"]
[BlackElo "1791"]
[PlyCount "65"]
[EventDate "2004.10.24"]
[EventType "team-tourn"]
[EventRounds "9"]
[EventCountry "GER"]
[SourceTitle "EXT 2007"]
[Source "ChessBase"]
[SourceDate "2006.11.23"]
[SourceVersion "1"]
[SourceVersionDate "2006.11.23"]
[SourceQuality "1"]
[WhiteTeam "Pang/Rosenheim II"]
[BlackTeam "Dorfen PSV"]
[WhiteTeamCountry "GER"]
[BlackTeamCountry "GER"]

1. e4 c5 2. Nc3 Nc6 3. g3 e6 4. Bg2 b6 5. f4 Bb7 6. Nf3 g6 7. 0-0 Bg7 8. f5 Nge7 9. Ng5 Nxf5 10. exf5 Qxg5 11. Nb5 0-0 12. f6 Bxf6 13. d4 Bxd4+ 14. Nxd4 Qe5 15. Nb5 d5 16. Bh6 Rfd8 17. Rb1 Rd7 18. Qd2 Ba6 19. a4 Rc8 20. Bg5 Bxb5 21. Bf6 Qd6 22. axb5 Nd4 23. Qh6 Qf8 24. Qg5 Nxc2 25. Rf4 h6 26. Rh4 Kh7 27. Rf1 Nd4 28. Bh3 h5 29. g4 Qh6 30. Qe5 Nc2 31. g5 Qf8 32. Rxh5+ gxh5 33. Qe2 1-0

[Event "Regionalliga SO 0405"]
[Site "Bayern"]
[Date "2004.10.24"]
[Round "1.6"]
[White "Vodicka, Vlastimil"]
[Black "Knollhuber, Peter"]
[Result "1/2-1/2"]
[WhiteElo "2178"]
[BlackElo "1791"]
[PlyCount "76"]
[EventDate "2004.10.24"]
[EventType "team-tourn"]
[EventRounds "9"]
[EventCountry "GER"]
[SourceTitle "EXT 2007"]
[Source "ChessBase"]
[SourceDate "2006.11.23"]
[SourceVersion "1"]
[SourceVersionDate "2006.11.23"]
[SourceQuality "1"]
[WhiteTeam "Bayerwald"]
[BlackTeam "Dorfen PSV"]
[WhiteTeamCountry "GER"]
[BlackTeamCountry "GER"]

1. d4 d5 2. Nf3 e6 3. c4 c6 4. e3 f5 5. g3 Nf6 6. Bg2 Bd6 7. Qc2 Qe7 8. 0-0 0-0 9. b3 b6 10. Bb2 Ne4 11. Nbd2 Bb7 12. Ne5 Nxd2 13. Qxd2 Nd7 14. Rfd1 Rac8 15. Rac1 Nf6 16. Rc2 Rfd8 17. Qc1 Nd7 18. cxd5 cxd5 19. Nc6 Bxc6 20. Rxc6 Rxc6 21. Qxc6 Nb8 22. Qc2 Na6 23. Rc1 Nb4 24. Qb1 Qb7 25. Bf1 Rc8 26. Rxc8+ Qxc8 27. Ba3 a5 28. Bxb4 Bxb4 29. Qd3 Kf7 30. g4 g6 31. gxf5 gxf5 32. Be2 Qc7 33. Qb5 Kf6 34. Bh5 Bd6 35. h3 Bh2+ 36. Kg2 Bd6 37. Qe8 Qe7 38. Qh8+ Qg7+ 1/2-1/2

[Event "Nuremberg-ch op 04th"]
[Site "Nuremberg"]
[Date "2004.05.23"]
[Round "4"]
[White "Knollhuber, Peter"]
[Black "Seeger, Peter"]
[Result "0-1"]
[WhiteElo "1753"]
[BlackElo "2020"]
[PlyCount "48"]
[EventDate "2004.05.21"]
[EventType "swiss"]
[EventRounds "5"]
[EventCountry "GER"]
[SourceTitle "EXT 2006"]
[Source "ChessBase"]
[SourceDate "2005.11.24"]
[SourceVersion "1"]
[SourceVersionDate "2005.11.24"]
[SourceQuality "1"]

1. d4 d5 2. Nf3 Nf6 3. c4 c6 4. Nc3 a6 5. b3 b5 6. e3 Bg4 7. Be2 e6 8. 0-0 Bd6 9. Bb2 Nbd7 10. Rc1 Bxf3 11. Bxf3 bxc4 12. bxc4 Bxh2+ 13. Kxh2 Qb8+ 14. g3 Qxb2 15. Qa4 0-0 16. Rc2 Qb7 17. Rb1 Qa7 18. Rcb2 Rab8 19. Qxc6 Rfc8 20. Qd6 Rxc4 21. Rb7 Qa8 22. Ne2 Rd8 23. Rb8 Rxb8 24. Rxb8+ Qxb8 0-1

[Event "Nuremberg-ch op 04th"]
[Site "Nuremberg"]
[Date "2004.05.22"]
[Round "3"]
[White "Sha, Siyu"]
[Black "Knollhuber, Peter"]
[Result "0-1"]
[WhiteElo "1147"]
[BlackElo "1753"]
[PlyCount "50"]
[EventDate "2004.05.21"]
[EventType "swiss"]
[EventRounds "5"]
[EventCountry "GER"]
[SourceTitle "EXT 2006"]
[Source "ChessBase"]
[SourceDate "2005.11.24"]
[SourceVersion "1"]
[SourceVersionDate "2005.11.24"]
[SourceQuality "1"]

1. e4 c5 2. Nf3 Nc6 3. Nc3 e6 4. d4 cxd4 5. Nxd4 a6 6. Be3 Nf6 7. Be2 d6 8. 0-0 Be7 9. f4 0-0 10. Qe1 Qc7 11. Qg3 b5 12. f5 Nxd4 13. Bxd4 Bb7 14. e5 dxe5 15. Bxe5 Qc6 16. Bf3 Qc5+ 17. Kh1 Bxf3 18. Rxf3 Nh5 19. Qg4 Qxe5 20. Qxh5 g6 21. Qh6 exf5 22. Rh3 Qg7 23. Nd5 Rfe8 24. Re1 Qxh6 25. Nxe7+ Rxe7 0-1

[Event "Regionalliga SO 9900"]
[Site "Bayern"]
[Date "2000.??.??"]
[Round "4.8"]
[White "Gil, Arthur"]
[Black "Knollhuber, Peter"]
[Result "0-1"]
[WhiteElo "1900"]
[BlackElo "1750"]
[PlyCount "56"]
[EventDate "1999.??.??"]
[EventType "team-tourn"]
[EventRounds "9"]
[EventCountry "GER"]
[SourceTitle "EXT 2020"]
[Source "ChessBase"]
[SourceDate "2019.10.17"]
[SourceVersion "1"]
[SourceVersionDate "2019.10.17"]
[SourceQuality "1"]
[WhiteTeam "Ebersberg Grafing"]
[BlackTeam "Dorfen PSV"]
[WhiteTeamCountry "GER"]
[BlackTeamCountry "GER"]

1. e4 c5 2. Nf3 Nc6 3. d4 cxd4 4. Nxd4 Nf6 5. Nc3 e5 6. Ndb5 d6 7. Bg5 a6 8. Bxf6 gxf6 9. Na3 b5 10. Nd5 f5 11. exf5 Bxf5 12. Qf3 Nd4 13. Nc7+ Qxc7 14. Qxa8+ Ke7 15. c3 b4 16. cxb4 Qb6 17. Bxa6 Qxb4+ 18. Kf1 Qxb2 19. Qb7+ Qxb7 20. Bxb7 Bh6 21. f3 Bd3+ 22. Kf2 Rb8 23. Be4 Rb2+ 24. Kg3 Ba6 25. Rhb1 Bf4+ 26. Kh4 Rxg2 27. h3 Ne6 28. Kh5 Bg5 0-1

[Event "Regionalliga SO 9900"]
[Site "Bayern"]
[Date "2000.??.??"]
[Round "7.8"]
[White "Knollhuber, Peter"]
[Black "Hacker, Alfons"]
[Result "0-1"]
[WhiteElo "1750"]
[BlackElo "1870"]
[PlyCount "62"]
[EventDate "1999.??.??"]
[EventType "team-tourn"]
[EventRounds "9"]
[EventCountry "GER"]
[SourceTitle "EXT 2020"]
[Source "ChessBase"]
[SourceDate "2019.10.17"]
[SourceVersion "1"]
[SourceVersionDate "2019.10.17"]
[SourceQuality "1"]
[WhiteTeam "Dorfen PSV"]
[BlackTeam "Deggendorf"]
[WhiteTeamCountry "GER"]
[BlackTeamCountry "GER"]

1. d4 Nf6 2. Nf3 e6 3. c4 b6 4. a3 Bb7 5. Nc3 d5 6. cxd5 exd5 7. e3 Be7 8. Bb5+ c6 9. Bd3 0-0 10. 0-0 Nbd7 11. b3 Bd6 12. Bb2 Re8 13. Rc1 Qe7 14. Nb1 Ne4 15. b4 Ndf6 16. Ne5 c5 17. bxc5 bxc5 18. Bb5 Rec8 19. f4 Rc7 20. g4 Ne8 21. Bd3 Rac8 22. a4 cxd4 23. Rxc7 Qxc7 24. exd4 f6 25. Bxe4 dxe4 26. Qb3+ Kf8 27. Rc1 Qe7 28. Rxc8 Bxc8 29. Nc6 Qd7 30. d5 Qxg4+ 31. Kh1 Qxf4 0-1

[Event "Passau op 7th"]
[Site "Passau"]
[Date "1999.04.04"]
[Round "5"]
[White "Knollhuber, Peter"]
[Black "Edling, Joern"]
[Result "0-1"]
[WhiteElo "1730"]
[BlackElo "1815"]
[PlyCount "68"]
[EventDate "1999.04.02"]
[EventType "swiss"]
[EventRounds "7"]
[EventCountry "GER"]
[SourceTitle "EXT 2000"]
[Source "ChessBase"]
[SourceDate "1999.11.16"]
[SourceVersion "1"]
[SourceVersionDate "1999.11.16"]
[SourceQuality "1"]

1. d4 d5 2. Nf3 c6 3. c4 dxc4 4. e4 b5 5. a4 e6 6. axb5 cxb5 7. b3 Bb4+ 8. Bd2 Bxd2+ 9. Qxd2 a5 10. bxc4 b4 11. Bd3 Ne7 12. Qg5 0-0 13. Nbd2 Bb7 14. Nb3 h6 15. Qh5 a4 16. Nc5 Bc6 17. d5 exd5 18. exd5 Be8 19. Qh4 Qc7 20. Qe4 Ng6 21. Qd4 Nd7 22. Rxa4 Rxa4 23. Nxa4 Qa5 24. Bxg6 fxg6 25. 0-0 Qxa4 26. c5 Qb5 27. c6 Nb6 28. Rc1 b3 29. Rc5 Qa4 30. Qc3 b2 31. Nd2 Qd1+ 32. Nf1 b1Q 33. h3 Qxf1+ 34. Kh2 Qxf2 0-1

[Event "Regionalliga SO 9899"]
[Site "Bayern"]
[Date "1999.??.??"]
[Round "6.8"]
[White "Knollhuber, Peter"]
[Black "Wittmann, Matthias"]
[Result "0-1"]
[WhiteElo "1705"]
[BlackElo "2069"]
[PlyCount "64"]
[EventDate "1998.??.??"]
[EventType "team-tourn"]
[EventRounds "9"]
[EventCountry "GER"]
[SourceTitle "EXT 2020"]
[Source "ChessBase"]
[SourceDate "2019.10.17"]
[SourceVersion "1"]
[SourceVersionDate "2019.10.17"]
[SourceQuality "1"]
[WhiteTeam "Dorfen PSV"]
[BlackTeam "Pang/Rosenheim II"]
[WhiteTeamCountry "GER"]
[BlackTeamCountry "GER"]

1. d4 d5 2. Nf3 Nf6 3. c4 e6 4. Nc3 Be7 5. e3 0-0 6. Bd3 Nbd7 7. 0-0 c6 8. b3 Re8 9. Bb2 Bd6 10. e4 dxe4 11. Nxe4 Nxe4 12. Bxe4 Nf6 13. Bc2 b6 14. Qd3 g6 15. Rad1 Bb7 16. Qc3 Be7 17. Ne5 Qc7 18. d5 cxd5 19. Ng4 e5 20. Nxe5 h5 21. Rfe1 Rad8 22. Bxg6 fxg6 23. Nxg6 dxc4 24. Ne5 Bf8 25. Nxc4 Bg7 26. Qh3 Bc8 27. Qf3 Bg4 28. Rxd8 Bxf3 29. Rdxe8+ Nxe8 30. Rxe8+ Kf7 31. Re1 Bxb2 32. Nxb2 Qc3 0-1

[Event "Regionalliga SO 9798"]
[Site "Bayern"]
[Date "1997.??.??"]
[Round "?.7"]
[White "Fartmann, Berthold"]
[Black "Knollhuber, Peter"]
[Result "1-0"]
[WhiteElo "2005"]
[BlackElo "1710"]
[PlyCount "61"]
[EventDate "1997.10.19"]
[EventType "team-tourn"]
[EventRounds "9"]
[EventCountry "GER"]
[SourceTitle "EXT 2020"]
[Source "ChessBase"]
[SourceDate "2019.10.17"]
[SourceVersion "1"]
[SourceVersionDate "2019.10.17"]
[SourceQuality "1"]
[WhiteTeam "Ebersberg Grafing"]
[BlackTeam "Dorfen PSV"]
[WhiteTeamCountry "GER"]
[BlackTeamCountry "GER"]

1. d4 d5 2. c4 e6 3. Nc3 c6 4. cxd5 exd5 5. Bf4 Nf6 6. e3 Be7 7. Bd3 0-0 8. Nf3 Nbd7 9. Qc2 Re8 10. 0-0-0 Nf8 11. Ng5 Bd6 12. Bxd6 Qxd6 13. Kb1 h6 14. Nf3 Bg4 15. h3 Bh5 16. g4 Bg6 17. Bxg6 Nxg6 18. g5 Ne4 19. gxh6 Nxc3+ 20. bxc3 Qf6 21. Nh2 gxh6 22. Ng4 Qh4 23. Rdg1 Kh8 24. Qf5 Kg7 25. f4 Re7 26. Ne5 Qf6 27. Qd3 Kh7 28. h4 h5 29. Rg5 Kh6 30. Rhg1 Nxh4 31. Rxh5+ 1-0